| 000 | 00978cam a22003014i 4500 | ||
|---|---|---|---|
| 001 | 13754666 | ||
| 003 | EG-ScBUE | ||
| 005 | 20250813090512.0 | ||
| 008 | 041019s2008 enka f 001 0 eng | ||
| 020 | _a9780131755536 | ||
| 040 |
_aEG-ScBUE _beng _erda _cEG-ScBUE _dEG-ScBUE |
||
| 082 | 0 | 4 |
_a546 _222 _bHOU |
| 100 | 1 |
_aHousecroft, Catherine E., _d1955- _923795 _eauthor. |
|
| 245 | 1 | 0 |
_aInorganic chemistry / _cCatherine E. Housecroft and Alan G. Sharpe. |
| 250 | _aThird edition. | ||
| 264 | 1 |
_aHarlow : _bPearson/Prentice Hall, _c2008. |
|
| 300 |
_axxxvii, 1098 pages : _billustrations (some color) ; _c28 cm |
||
| 336 |
_2rdacontent _atext _btxt |
||
| 337 |
_aunmediated _2rdamedia _bn |
||
| 338 |
_avolume _bnc _2rdacarrier |
||
| 500 | _aIncludes index. | ||
| 500 | _aIncludes Appendices. | ||
| 650 | 7 |
_aChemistry, Inorganic _vTextbooks. _923796 _2BUEsh |
|
| 653 | _cMay2011 | ||
| 655 | _vReading book | ||
| 700 | 1 |
_aSharpe, A. G., _923797 _eauthor. |
|
| 942 |
_2ddc _cBB |
||
| 999 |
_c10789 _d10789 |
||